[Event "SLO-chT West"]
[Site "Bled"]
[Date "2004.11.12"]
[Round "6"]
[White "Petek, Primoz"]
[Black "Draksler, Zvonko"]
[Result "0-1"]
[WhiteElo "2094"]
[BlackElo "1985"]
[PlyCount "128"]
[EventDate "2004.11.05"]
[EventType "team"]
[EventRounds "9"]
[EventCountry "SLO"]
[SourceTitle "EXT 2009"]
[Source "ChessBase"]
[SourceDate "2008.11.26"]
[SourceVersion "1"]
[SourceVersionDate "2008.11.26"]
[SourceQuality "1"]

1. c4 Nf6 2. g3 e5 3. Bg2 c6 4. d4 d6 5. Nc3 Nbd7 6. Nf3 Be7 7. 0-0 0-0 8. b3 Re8 9. Bb2 Bf8 10. Qc2 Qc7 11. Rac1 a5 12. e3 g6 13. Nd2 Bg7 14. d5 Nc5 15. dxc6 bxc6 16. Ba3 Na6 17. Nb5 cxb5 18. Bxa8 b4 19. Bb2 Bf5 20. Be4 Nxe4 21. Nxe4 Nc5 22. f3 Qc6 23. g4 Bxe4 24. fxe4 Bh6 25. Rce1 Nxe4 26. Qg2 Bg5 27. Bc1 Rc8 28. Qf3 Rc7 29. Bb2 Nd2 30. Qxc6 Rxc6 31. Rf2 Bh4 32. Rxd2 Bxe1 33. Rd5 Bc3 34. Bxc3 bxc3 35. Rd3 d5 36. Rxc3 dxc4 37. bxc4 f5 38. h3 Kf7 39. Kf2 Ke6 40. Ke2 Kd6 41. Rd3+ Ke6 42. gxf5+ gxf5 43. Rd5 Rxc4 44. Rxa5 Rh4 45. Ra6+ Kf7 46. Ra5 Kf6 47. Ra6+ Kg5 48. Ra5 e4 49. Ra8 Rxh3 50. Kf2 Rh2+ 51. Kg3 Re2 52. Rg8+ Kf6 53. Rf8+ Ke6 54. Kf4 Rf2+ 55. Kg5 Rg2+ 56. Kh6 Rxa2 57. Re8+ Kf7 58. Rb8 Rg2 59. Rb7+ Ke6 60. Rb6+ Kd5 61. Rb5+ Kc4 62. Rxf5 Kd3 63. Kxh7 Kxe3 64. Re5 Kf3 0-1